[Event "DSOL 04 Liga Gr-B 1st"]
[Site "Playchess.com INT"]
[Date "2020.07.16"]
[Round "4.2"]
[White "Gareiss, Joerg"]
[Black "Hirschberg, Markus"]
[Result "1/2-1/2"]
[WhiteElo "1743"]
[BlackElo "1821"]
[PlyCount "88"]
[EventDate "2020.06.22"]
[EventType "team-tourn (rapid)"]
[EventCountry "GER"]
[SourceTitle "EXT 2021"]
[Source "ChessBase"]
[SourceDate "2020.10.23"]
[SourceVersion "1"]
[SourceVersionDate "2020.10.23"]
[SourceQuality "1"]
[WhiteTeam "Bielefeld Sieker"]
[BlackTeam "Buer Hassel"]
[WhiteTeamCountry "GER"]
[BlackTeamCountry "GER"]

1. Nf3 Nf6 2. c4 g6 3. b3 Bg7 4. Bb2 0-0 5. e3 b6 6. d4 Bb7 7. Nbd2 d6 8. Bd3 Nbd7 9. 0-0 Nh5 10. Ng5 e5 11. Ngf3 f5 12. dxe5 dxe5 13. Be2 c5 14. Ne1 Nhf6 15. Qc2 Qc7 16. Nd3 Ne4 17. Rad1 Rae8 18. f3 Nxd2 19. Rxd2 Bh6 20. f4 Qc6 21. Bd1 Bg7 22. fxe5 Qe4 23. Kh1 Qh4 24. Bf3 Bxf3 25. Rxf3 Nxe5 26. Rh3 Qe4 27. Nxe5 Qxc2 28. Rxc2 Bxe5 29. Kg1 Bxb2 30. Rxb2 Rd8 31. Kf2 Rfe8 32. Re2 Re4 33. Rf3 Kg7 34. Rf4 Re5 35. h4 h6 36. g4 fxg4 37. Rxg4 Rf8+ 38. Kg3 Rff5 39. e4 Rf1 40. Kg2 Rd1 41. Kf2 Rd4 42. Kf3 g5 43. Ke3 Kg6 44. Reg2 Rd1 1/2-1/2